000 00245nam a2200109 a 4500
005 20140414131844.0
008 100524s19uu xx 00 eng d
050 _aM 220.9
_bMIS
245 _aThe missing boy.
999 _c109872
_d109872